Television Sisters - Statistics

General Stats
  • This quiz has been taken 46 times
  • The average score is 20 of 51
Answer Stats
Hint Answer % Correct
The Kardashians Kim
97%
Friends Monica Geller
82%
Friends Rachel Green
77%
The Kardashians Khloe
74%
The Kardashians Kourtney
72%
Friends Phoebe Buffay
72%
Charmed Phoebe Halliwell
72%
The Kardashians Kylie Jenner
62%
Little House on the Prairie Laura Ingalls
59%
Family Matters Laura Winslow
59%
The Brady Bunch Jan
56%
The Brady Bunch Cindy
54%
The Kardashians Kendall Jenner
54%
The Brady Bunch Marcia
54%
Sister Sister Tamera Campbell
54%
Full House D.J.
51%
Sister Sister Tia Landry
49%
Roseanne Darlene
46%
Married with Children Kelly
46%
Full House Michelle
46%
90210 Brenda
44%
Little House on the Prairie Mary Ingalls
41%
Roseanne Roseanne
41%
Full House Stephanie
41%
The Cosby Show Denise
36%
Roseanne Jackie
36%
The Cosby Show Rudy
36%
Roseanne Becky
33%
Modern Family Alex Dunphy
31%
Fresh Prince of Bel-Air Ashley Banks
31%
Charmed Piper Halliwell
31%
Friends Amy Green
28%
Charmed Prue Halliwell
28%
Friends Ursula Buffay
28%
Modern Family Claire Dunphy
26%
Fresh Prince of Bel-Air Hillary Banks
26%
The Cosby Show Sondra
26%
The Cosby Show Vanessa
26%
Fresh Prince of Bel-Air Vivian Banks
23%
Modern Family Haley Dunphy
21%
Friends Jill Green
21%
Charmed Paige Matthews
21%
Little House on the Prairie Carrie Ingalls
15%
Family Matters Judy Winslow
15%
Little House on the Prairie Grace Ingalls
13%
Fresh Prince of Bel-Air Janice Smith
10%
Fresh Prince of Bel-Air Helen Smith
8%
Little House on the Prairie Nellie Oleson
8%
Little House on the Prairie Nancy Oleson
5%
Fresh Prince of Bel-Air Viola Smith
5%
Little House on the Prairie Cassandra (Cooper) Ingalls
3%
No matching quizzes found
Score Distribution
Percent of People with Each Score
Percentile by Number Answered
Your Score History
You have not taken this quiz